000 00359nam a2200145Ia 4500
008 150201s2007 xx 000 0 und d
082 _a617.643
_bO2007B
100 _aBRANTLEY,WILLIAM
245 _aORTHODONTICS MATERIALS
250 _a1ST
260 _bTHIENE PUBLICATION
_aNEW YORK
_c2007
300 _a1-310
650 _aORTHODONTICS
942 _2ddc
_cBK
_01
999 _c3797
_d3797